000 00656nam a2200205Ia 4500
005 20260121110129.0
008 008 260114s9999 xx 000 0 hin d
020 _a9788132365259
037 _aEBOOK
040 _aCRL
_bhin
_cCRL
041 _ahin
_2hin
084 _qCRL
100 _aश्रेयांश मल्होत्रा / Shreyansh Malhotra
_9942428
245 0 _aखाद्य विज्ञान / Khadya vigyan
260 _bभाषा प्रकाशन / Bhasha Prakashan
_c2021
856 _uhttps://bhashaprakashan.com/product-details/379177
942 _cEBOOK
999 _c1534093
_d1534093